Les Meilleurs buteurs de la Ligue 1 2019-2020 - Statistiques

Statistiques générales
  • Ce quiz a été pris 52 fois
  • Le résultat moyen est 7 sur 11
Statistiques - réponses
Buts Nationalité Club Joueur % Correct
18 France Paris Saint-Germain Kylian Mbappé
100%
13 Brésil Paris Saint-Germain Neymar
96%
18 France AS Monaco Wissam Ben Yedder
94%
13 Nigeria LOSC Lille Victor Osimhen
82%
11 Danemark OGC Nice Kasper Dolberg
70%
12 Argentine Paris Saint-Germain Mauro Icardi
70%
16 France Olympique lyonnais Moussa Dembélé
62%
11 Argentine Olympique de Marseille Darío Benedetto
50%
10 Gabon AS Saint-Étienne Denis Bouanga
48%
12 Sénégal FC Metz Habib Diallo
34%
10 Sénégal Stade rennais FC M'Baye Niang
12%
Aucun quiz correspondant
Distribution des résultats
% des personnes avec chaque résultat
Percentile par nombre de réponses
Votre historique - résultats
Vous n’avez pas pris ce quiz